| 000 | 00821nam a2200217 i 4500 | ||
|---|---|---|---|
| 001 | 189752 | ||
| 003 | ES-MaACL | ||
| 005 | 20251003195300.0 | ||
| 008 | 191010s1951 sp |||| | spa d | ||
| 245 | 0 | 3 |
_aEl teatro francés contemporáneo / _cintroducción y recopilación de los textos por Gabriel Laplana ; [la traducción por Enrique Canito]. |
| 260 |
_a[Madrid : _bs.n., _c1951] ( _fJ.F. Izquierdo) |
||
| 300 |
_a110 p., 4 h. de lám. ; _c23 cm. |
||
| 490 | 1 |
_aCuadernos Ínsula ; _v2 |
|
| 650 | 4 |
_aTeatro francés- _yS.XX. _917362 |
|
| 650 | 4 |
_aTeatro francés- _yS.XX- _xHistoria y crítica. _9174696 |
|
| 700 | 1 |
_aLaplane, Gabriel. _970164 |
|
| 700 | 1 |
_aCanito, Enrique, _d1904-1992 _9168499 |
|
| 830 | 1 |
_aCuadernos de Ínsula _v2 _9224032 |
|
| 852 | 4 |
_aES-MaACL _jP-944 |
|
| 999 |
_c189752 _d189752 |
||